Statistics for 2018 World Cup 23 Man Roster - Uruguay

Click here to take the quiz!

General Stats

  • This quiz has been taken 36 times
  • The average score is 10 of 22

Answer Stats

HintAnswer% Correct
ForwardLuis Suarez
97%
ForwardEdinson Cavani
94%
DefenderDiego Godin
87%
DefenderJose Maria Gimenez
71%
GoalkeeperFernando Muslera
65%
ForwardCristhian Stuani
48%
MidfielderCristian Rodriguez
42%
MidfielderLucas Torreira
42%
DefenderMartin Caceres
42%
DefenderMaximiliano Pereira
42%
MidfielderRodrigo Bentancur
42%
DefenderSebastian Coates
39%
MidfielderMatias Vecino
35%
ForwardMaximiliano Gomez
32%
DefenderGaston Silva
29%
GoalkeeperMartin Silva
29%
MidfielderNahitan Nandez
26%
MidfielderGaston Ramirez
23%
DefenderGuillermo Varela
23%
MidfielderCarlos Sanchez
19%
MidfielderGiorgian De Arrascaeta
19%
GoalkeeperMartin Campana
19%

Score Distribution

Percentile by Number Answered

Percent of People with Each Score

Your Score History

You have not taken this quiz